000 00578nam a2200193 a 4500
005 20140310183447.0
008 081111s19uu xx 00 eng d
020 _a9780721603520
050 _aRT 55
_b.Si39 2006
100 _aSilvestri, Linda Anne
245 _aSaunders Q&A review for the NCLEX-RN examination.
260 _aU.S.A :
_bSaunders Elsevier,
_c2006.
300 _a942 p. :
_bill. ;
_c27 cm.
521 _aNUR
650 _aNursing
_xExaminations, questions, etc.
650 _aNursing
_xexaminations, questions, etc.
942 _cBK
_2lcc
_kFOR
999 _c23273
_d23273